[Event "zonal 3.2"]
[Site "Genting Highlands MAS"]
[Date "1995.??.??"]
[Round "8"]
[White "Mohd Saprin, Sabri"]
[Black "Tsang Hon Ki"]
[Result "1/2-1/2"]
[WhiteElo "2205"]
[BlackElo "2200"]
[EventDate "1995.07.??"]
[PlyCount "146"]

1.e4 e5 2.Nf3 Nc6 3.Bb5 a6 4.Ba4 Nf6 5.Bxc6 dxc6 6.d3 Bc5 7.O-O Qd6 8.Nbd2
b5 9.b3 Bg4 10.Bb2 Nd7 11.h3 h5 12.Qe1 Qg6 13.Kh1 f6 14.d4 Bd6 15.c4 c5 
16.d5 Qf7 17.Nh2 Nf8 18.f4 exf4 19.e5 fxe5 20.Bxe5 O-O-O 21.Rxf4 Bf5 22.
Qf2 Bxe5 23.Rxf5 Bf6 24.Ne4 Nd7 25.Rf1 Qe7 26.Nxf6 gxf6 27.Re1 Qg7 28.Re6 
Kb7 29.cxb5 axb5 30.Qe2 Rhg8 31.Qxb5+ Nb6 32.Qe2 Nxd5 33.Qf3 c6 34.Nf1 Qd7
35.Re1 h4 36.Qf2 Nb4 37.Re3 Nd5 38.Ref3 Rde8 39.Qxh4 Re2 40.g4 Rxa2 41.Rf2
Ra1 42.Qg3 Qe6 43.Qf3 Rg5 44.Kh2 Rc1 45.h4 Rg7 46.Re2 Qg8 47.Re4 Rc2+ 48.
Kh3 Rc3 49.Ne3 Nxe3 50.Rxe3 Rxe3 51.Qxe3 Rxg4 52.Rxf6 Rg1 53.Qf3 Qc8+ 54.
Kh2 Rg4 55.Rf4 Rxf4 56.Qxf4 Qh8 57.Qf7+ Kb6 58.Kg3 Qc3+ 59.Kg4 Qd4+ 60.Kg5
Qe3+ 61.Kg4 Qg1+ 62.Kh5 Qd1+ 63.Kh6 Qd2+ 64.Kh7 Qd3+ 65.Kh6 Qd2+ 66.Kg6 
Qd3+ 67.Kg5 Qe3+ 68.Kg4 Qg1+ 69.Kh5 Qe1 70.Kg5 Qd2+ 71.Kg4 Qg2+ 72.Kh5 
Qe2+ 73.Kh6 Qd2+ 1/2-1/2

[Event "zonal 3.2"]
[Site "Genting Highlands MAS"]
[Date "1995.??.??"]
[Round "8"]
[White "Aung Thant Zin"]
[Black "Norris, Damian"]
[Result "1-0"]
[WhiteElo "2215"]
[BlackElo "2170"]
[EventDate "1995.07.??"]
[PlyCount "39"]

1.e4 c5 2.Nf3 e6 3.d4 cxd4 4.Nxd4 Nf6 5.Nc3 Nc6 6.Be3 Bb4 7.Bd3 d5 8.Nxc6 
bxc6 9.exd5 Nxd5 10.Bd2 Nxc3 11.bxc3 Bd6 12.Qh5 g6 13.Qf3 Qc7 14.h4 Bb7 
15.Rb1 O-O-O 16.O-O Rd7 17.Rb3 Qa5 18.Rfb1 Qd5 19.Qxd5 cxd5 20.Rxb7 1-0

[Event "zonal 3.2"]
[Site "Genting Highlands MAS"]
[Date "1995.??.??"]
[Round "9"]
[White "Tu Hoang Thong"]
[Black "Handoko, Edhi"]
[Result "1-0"]
[WhiteElo "2430"]
[BlackElo "2500"]
[EventDate "1995.07.??"]
[PlyCount "89"]

1.f4 d5 2.Nf3 Nf6 3.g3 c5 4.Bg2 Nc6 5.d3 e6 6.O-O Be7 7.c3 O-O 8.h3 Bd6 9.
Qe1 e5 10.e4 dxe4 11.dxe4 Bc7 12.f5 b6 13.Bg5 h6 14.Bxf6 Qxf6 15.Nh2 Ba6 
16.Rf3 Bd8 17.Na3 h5 18.Nc2 Qh6 19.Ne3 Bf6 20.Nd5 Rad8 21.h4 Ne7 22.g4 
Nxd5 23.g5 Qh7 24.exd5 Be7 25.Qe4 Bb7 26.c4 f6 27.g6 Qh6 28.Rd1 Rd7 29.Nf1
Rfd8 30.a4 Bd6 31.Ng3 Kf8 32.Rf2 Ke7 33.Bf3 Rh8 34.a5 Kd8 35.Ra1 Bc8 36.
axb6 axb6 37.Bd1 Re7 38.Kg2 Rc7 39.Qd3 e4 40.Nxe4 Bxf5 41.Rxf5 Qxg6+ 42.
Ng5 Rh6 43.Qh3 Rb7 44.Ra8+ Rb8 45.Ra7 1-0

[Event "zonal 3.2"]
[Site "Genting Highlands MAS"]
[Date "1995.??.??"]
[Round "9"]
[White "Antonio, Rogelio jr"]
[Black "Sandler, Leonid"]
[Result "1-0"]
[WhiteElo "2495"]
[BlackElo "2375"]
[EventDate "1995.07.??"]
[PlyCount "115"]

1.e4 c5 2.c3 d5 3.exd5 Qxd5 4.d4 Nf6 5.Nf3 Bg4 6.Be2 e6 7.h3 Bh5 8.O-O 
cxd4 9.cxd4 Nc6 10.Nc3 Qa5 11.g4 Bg6 12.Ne5 Bb4 13.Nc4 Qd8 14.a3 Be7 15.
Be3 Nd5 16.Nxd5 Qxd5 17.Ne5 O-O 18.Bc4 Qd8 19.Nxg6 hxg6 20.d5 exd5 21.Bxd5
Bf6 22.Rb1 Qa5 23.Qb3 Rad8 24.Be4 Nd4 25.Qxb7 Rb8 26.Qd5 Qxd5 27.Bxd5 Rfd8
28.Bc4 Nf3+ 29.Kg2 Nd2 30.Bxd2 Rxd2 31.b3 Rbd8 32.Kg3 g5 33.Rbe1 Kf8 34.f4
gxf4+ 35.Rxf4 Rd1 36.Rxd1 Rxd1 37.Kf3 Rd7 38.Rf5 Bc3 39.Rc5 Bd4 40.Rc8+ 
Ke7 41.h4 Bb6 42.g5 Rd8 43.Rc6 Rd4 44.h5 Rd6 45.Rxd6 Kxd6 46.Bxf7 Ke7 47.
Bc4 Bd4 48.b4 Bb2 49.a4 Bc1 50.Kg4 Bd2 51.b5 Bc3 52.Kf5 Bd2 53.Kg6 Kf8 54.
h6 gxh6 55.gxh6 Bc3 56.h7 Ke7 57.a5 Bd4 58.b6 1-0

[Event "zonal 3.2"]
[Site "Genting Highlands MAS"]
[Date "1995.??.??"]
[Round "9"]
[White "Yang Xian"]
[Black "Ginting, Nasib"]
[Result "0-1"]
[WhiteElo "2420"]
[BlackElo "2390"]
[EventDate "1995.07.??"]
[PlyCount "100"]

1.e4 c5 2.Nf3 d6 3.d4 cxd4 4.Nxd4 Nf6 5.Nc3 a6 6.Be3 e6 7.a4 Nc6 8.Be2 Be7
9.O-O O-O 10.f4 Re8 11.Kh1 Qc7 12.Qd2 Bd7 13.Rae1 Rad8 14.Bd3 Nb4 15.Nb3 
Nxd3 16.cxd3 b5 17.a5 Rc8 18.Bb6 Qb7 19.Rc1 e5 20.fxe5 dxe5 21.Ne2 Be6 22.
Nc5 Bxc5 23.Rxc5 Nd7 24.Rxc8 Rxc8 25.Be3 b4 26.Ng3 Qb5 27.d4 exd4 28.Bxd4 
Qxa5 29.h3 Qb5 30.Kg1 h6 31.Nf5 Bxf5 32.Rxf5 Qc4 33.Rf1 Nf8 34.Qf2 Re8 35.
e5 Ng6 36.Re1 Rd8 37.Bc5 Rd3 38.Bd6 a5 39.Re2 Nf4 40.Rc2 Qe4 41.Kh2 a4 42.
Rc8+ Kh7 43.e6 Nxe6 44.Bxb4 Qe5+ 45.g3 Nd4 46.Bc3 Qe6 47.Rc5 Nf3+ 48.Kg2 
Qe4 49.h4 Nxh4+ 50.Kh3 Rd1 0-1

[Event "zonal 3.2"]
[Site "Genting Highlands MAS"]
[Date "1995.??.??"]
[Round "9"]
[White "Donguines, Fernie"]
[Black "Nadera, Barlo"]
[Result "1-0"]
[WhiteElo "2380"]
[BlackElo "2405"]
[EventDate "1995.07.??"]
[PlyCount "91"]

1.b4 e6 2.Bb2 Nf6 3.a3 d5 4.e3 a5 5.b5 c5 6.Nf3 Nbd7 7.c4 Nb6 8.cxd5 exd5 
9.a4 Bd6 10.Qc2 Qe7 11.Bd3 Bg4 12.h3 Be6 13.Be2 O-O 14.Ng5 g6 15.d3 Nfd7 
16.h4 f6 17.Nxe6 Qxe6 18.h5 g5 19.Nd2 Rae8 20.Nb3 d4 21.exd4 Nd5 22.Kf1 b6
23.Bf3 Nb4 24.Qc4 Kh8 25.Qxe6 Rxe6 26.Bg4 Re7 27.dxc5 Nxc5 28.Nxc5 Bxc5 
29.Rh3 h6 30.Rc1 Kg7 31.Rf3 Nd5 32.Rf5 Nf4 33.Rd1 Ne6 34.d4 Bd6 35.g3 Nd8 
36.Rc1 Rc7 37.Rxc7+ Bxc7 38.Ba3 Re8 39.Rd5 Nf7 40.Rd7 Bd8 41.d5 f5 42.Bxf5
Kf6 43.Rxf7+ Kxf7 44.Bg6+ Kf6 45.Bxe8 Ke5 46.Bf7 1-0

[Event "zonal 3.2"]
[Site "Genting Highlands MAS"]
[Date "1995.??.??"]
[Round "9"]
[White "Hsu Li Yang"]
[Black "Nishimura, Hiroyuki"]
[Result "0-1"]
[WhiteElo "2460"]
[BlackElo "2285"]
[EventDate "1995.07.??"]
[PlyCount "74"]

1.d4 f5 2.Nf3 Nf6 3.g3 g6 4.Bg2 Bg7 5.O-O O-O 6.b3 d5 7.Bb2 c6 8.c4 Be6 9.
Nbd2 Kh8 10.Qc2 a5 11.Ne5 Nbd7 12.cxd5 Nxd5 13.Rac1 Nb4 14.Qb1 Nxe5 15.a3 
Na6 16.Qa1 Ng4 17.d5 Nf6 18.dxe6 Qxd2 19.Rfd1 Qxe2 20.Rd7 Qxb2 21.Qxb2 
Nxd7 22.Qe2 Ndc5 23.b4 axb4 24.axb4 Nb3 25.Rb1 Nd4 26.Qe3 Nc7 27.h4 f4 28.
gxf4 Rxf4 29.h5 gxh5 30.Be4 Raf8 31.Rd1 Nd5 32.Bxd5 cxd5 33.b5 Nf3+ 34.Kh1
Rh4+ 35.Kg2 Rg4+ 36.Kh1 Bd4 37.Qb3 Rfg8 0-1

[Event "zonal 3.2"]
[Site "Genting Highlands MAS"]
[Date "1995.??.??"]
[Round "9"]
[White "Garma, Chito"]
[Black "Toh, Terry"]
[Result "1-0"]
[WhiteElo "2390"]
[BlackElo "2315"]
[EventDate "1995.07.??"]
[PlyCount "63"]

1.e4 e6 2.d4 d5 3.e5 c5 4.c3 Nc6 5.Nf3 Qb6 6.Be2 cxd4 7.cxd4 Nge7 8.Na3 
Nf5 9.Nc2 Bb4+ 10.Kf1 Be7 11.b4 Bd7 12.a3 O-O 13.h4 f6 14.g4 Nfxd4 15.
Ncxd4 fxe5 16.Nf5 exf5 17.Qxd5+ Kh8 18.Qxd7 Rad8 19.Qe6 e4 20.Be3 Qc7 21.
Ng5 Rf6 22.Qc4 Qe5 23.Rd1 Rdf8 24.Rd5 Qa1+ 25.Kg2 Qb2 26.Bc1 Qa1 27.Rxf5 
Rxf5 28.gxf5 h6 29.Nf7+ Kh7 30.Bh5 Ne5 31.Qxe4 Bf6 32.Bf4 1-0

[Event "zonal 3.2"]
[Site "Genting Highlands MAS"]
[Date "1995.??.??"]
[Round "9"]
[White "Wohl, Aleksandar"]
[Black "Aung Thant Zin"]
[Result "1/2-1/2"]
[WhiteElo "2400"]
[BlackElo "2215"]
[EventDate "1995.07.??"]
[PlyCount "118"]

1.e4 c5 2.Nf3 Nc6 3.d4 cxd4 4.Nxd4 Nf6 5.Nc3 d6 6.Be3 Ng4 7.Bg5 h6 8.Bh4 
g5 9.Bg3 Bg7 10.Nb3 Be6 11.h4 a6 12.hxg5 hxg5 13.Rxh8+ Bxh8 14.Qd2 Bf6 15.
O-O-O Qb6 16.f3 Qe3 17.Be1 Qxd2+ 18.Bxd2 Nge5 19.Nd5 Bxd5 20.exd5 Nb8 21.
Be3 Nbd7 22.Nd2 Nc5 23.Be2 Ned7 24.Rh1 Rc8 25.Rh5 Na4 26.Ne4 Bxb2+ 27.Kd2 
Nc3 28.Rxg5 Nxe2 29.Rg8+ Nf8 30.Kxe2 Kd7 31.c3 Ng6 32.Rg7 Bxc3 33.Rxf7 Bh8
34.Kd1 b5 35.Rh7 b4 36.f4 Rg8 37.g3 a5 38.f5 Nf8 39.Rh4 Be5 40.g4 a4 41.
Kc2 Kc8 42.Bd2 Nd7 43.Bxb4 Nf6 44.g5 Nxe4 45.Rxe4 Rxg5 46.Bd2 Rxf5 47.Rxa4
Bf6 48.Ra5 Bd4 49.Kd3 Bc5 50.Kc4 Kd8 51.Ra8+ Kc7 52.Ba5+ Kb7 53.Re8 Ka6 
54.Bd2 Re5 55.Bc3 Re4+ 56.Kd3 Re3+ 57.Kc4 Re4+ 58.Kd3 Re3+ 59.Kc4 Re4+ 
1/2-1/2

[Event "zonal 3.2"]
[Site "Genting Highlands MAS"]
[Date "1995.??.??"]
[Round "9"]
[White "Hafizulhelmi, Mas"]
[Black "Ker, Anthony"]
[Result "0-1"]
[WhiteElo "2275"]
[BlackElo "2335"]
[EventDate "1995.07.??"]
[PlyCount "78"]

1.e4 d6 2.d4 Nf6 3.Nc3 g6 4.f3 c6 5.Be3 Bg7 6.Qd2 Nbd7 7.Nh3 Qc7 8.Nf2 b5 
9.Be2 Bb7 10.O-O O-O 11.Rad1 Nb6 12.Qc1 a5 13.Bh6 b4 14.Nb1 c5 15.c3 Rfc8 
16.d5 c4 17.Qg5 Na4 18.Rd2 Ba6 19.Rc1 Qa7 20.g4 Rab8 21.Kg2 bxc3 22.bxc3 
Rb7 23.Nd1 Bxh6 24.Qxh6 Qc5 25.Rdc2 Nd7 26.h4 Rcb8 27.Nd2 Ne5 28.Ne3 f6 
29.Qf4 Nb2 30.Rh1 Nbd3 31.Bxd3 cxd3 32.Rcc1 Rb2 33.Nf1 Rc2 34.Rd1 Qxc3 35.
Kg3 Rxa2 36.Rh2 Ra1 37.Ne3 Rxd1 38.Nxd1 Qc2 39.Ne3 Qc1 0-1

[Event "zonal 3.2"]
[Site "Genting Highlands MAS"]
[Date "1995.??.??"]
[Round "9"]
[White "Tsang Hon Ki"]
[Black "Nguyen Anh Dung"]
[Result "0-1"]
[WhiteElo "2200"]
[BlackElo "2340"]
[EventDate "1995.07.??"]
[PlyCount "58"]

1.e4 e5 2.f4 exf4 3.Nc3 d6 4.Bc4 Nc6 5.d4 Qh4+ 6.Kf1 Bg4 7.Be2 Nf6 8.Bxf4 
O-O-O 9.d5 Ne5 10.Qd4 Nh5 11.g3 Bxe2+ 12.Ngxe2 Qh3+ 13.Kf2 g5 14.Ng1 Ng4+ 
15.Ke1 Qg2 16.Bxg5 Bg7 17.Qxa7 Qxh1 18.Qa8+ Kd7 19.Qa4+ Kc8 20.Qa8+ Kd7 
21.Qa4+ c6 22.dxc6+ Ke6 23.Qc4+ d5 24.exd5+ Kf5 25.Qd3+ Kxg5 26.h4+ Kf6 
27.Kd2 Bh6+ 28.Ke2 Qg2+ 29.Ke1 Rhe8+ 0-1

[Event "zonal 3.2"]
[Site "Genting Highlands MAS"]
[Date "1995.??.??"]
[Round "10"]
[White "Utut Adianto"]
[Black "Donguines, Fernie"]
[Result "1-0"]
[WhiteElo "2585"]
[BlackElo "2380"]
[EventDate "1995.07.??"]
[PlyCount "151"]

1.d4 Nf6 2.c4 g6 3.Nc3 Bg7 4.e4 d6 5.f3 a6 6.Be3 Nc6 7.d5 Ne5 8.f4 Ned7 9.
Nf3 O-O 10.Be2 c5 11.a4 Qc7 12.O-O e6 13.dxe6 fxe6 14.Kh1 Nb8 15.Qe1 Ng4 
16.Bd2 Nc6 17.Qh4 Nf6 18.e5 dxe5 19.fxe5 Nxe5 20.Nxe5 Qxe5 21.Bf4 g5 22.
Bxg5 Bd7 23.Bf4 Qf5 24.Bd6 Qc2 25.Bxf8 Rxf8 26.Qg3 Kh8 27.Rf2 Qxb2 28.Rb1 
Qd2 29.Bf1 Qh6 30.Rxb7 Rg8 31.Qf4 Ng4 32.Rxd7 Nxf2+ 33.Qxf2 Bxc3 34.Bd3 
Qc1+ 35.Qg1 Qxg1+ 36.Kxg1 Rg7 37.Rd8+ Rg8 38.Rd6 Bd4+ 39.Kf1 Rf8+ 40.Ke1 
Bc3+ 41.Ke2 Bd4 42.Be4 Rf2+ 43.Kd3 a5 44.Rxe6 Ra2 45.Bc6 Kg7 46.Re7+ Kg6 
47.Ra7 Kf5 48.Rf7+ Kg6 49.Rf4 Bf6 50.h4 Ra1 51.Ke4 Rd1 52.h5+ Kf7 53.Kf5 
Rd6 54.Bd5+ Kg7 55.Re4 Kh6 56.g4 Bg5 57.Re8 Rf6+ 58.Ke5 Ra6 59.Rc8 Be7 60.
Be4 Ra7 61.Rc6+ Kg5 62.Bxh7 Kxg4 63.h6 Bf8 64.Bg8 Kg5 65.h7 Re7+ 66.Re6 
Bg7+ 67.Kd6 Rb7 68.Re5+ Kh6 69.Rxc5 Ra7 70.Rc7 Ra8 71.c5 Rb8 72.h8=Q+ Bxh8
73.Rh7+ Kg6 74.Rxh8 Kg7 75.Rh5 Kxg8 76.c6 1-0

[Event "zonal 3.2"]
[Site "Genting Highlands MAS"]
[Date "1995.??.??"]
[Round "10"]
[White "Ginting, Nasib"]
[Black "Antonio, Rogelio jr"]
[Result "1-0"]
[WhiteElo "2390"]
[BlackElo "2495"]
[EventDate "1995.07.??"]
[PlyCount "79"]

1.d4 Nf6 2.c4 g6 3.Nf3 Bg7 4.g3 O-O 5.Bg2 d6 6.O-O Nbd7 7.Nc3 c6 8.e4 e5 
9.b3 exd4 10.Nxd4 Nc5 11.h3 Re8 12.Re1 a5 13.Rb1 h6 14.Re2 a4 15.b4 Ne6 
16.Be3 Ng5 17.Bxg5 hxg5 18.b5 c5 19.Nc2 g4 20.h4 Nd7 21.Nd5 Ne5 22.Nce3 
Be6 23.b6 Rf8 24.Nc7 Rb8 25.Rd2 Bh6 26.Rxd6 Qe7 27.Ned5 Bxd5 28.Qxd5 Rfc8 
29.Qd1 a3 30.Rd5 Nxc4 31.Rd7 Qe5 32.Nd5 Re8 33.Qc2 Nd2 34.Rd1 Qb2 35.Qc4 
Kg7 36.Nf4 Bxf4 37.gxf4 Nf3+ 38.Bxf3 gxf3 39.Qxc5 Qf6 40.R7d4 1-0

[Event "zonal 3.2"]
[Site "Genting Highlands MAS"]
[Date "1995.??.??"]
[Round "10"]
[White "Sandler, Leonid"]
[Black "Hsu Li Yang"]
[Result "1/2-1/2"]
[WhiteElo "2375"]
[BlackElo "2460"]
[EventDate "1995.07.??"]
[PlyCount "21"]

1.a3 d5 2.e3 Nf6 3.Nf3 Bg4 4.c4 c6 5.Qb3 Qb6 6.Qxb6 axb6 7.d4 e6 8.h3 Bh5 
9.g4 Bg6 10.Ne5 Nbd7 11.Nxg6 1/2-1/2

[Event "zonal 3.2"]
[Site "Genting Highlands MAS"]
[Date "1995.??.??"]
[Round "10"]
[White "Kagan, Naum"]
[Black "Wohl, Aleksandar"]
[Result "1/2-1/2"]
[WhiteElo "2395"]
[BlackElo "2400"]
[EventDate "1995.07.??"]
[PlyCount "21"]

1.e4 Nf6 2.Nc3 d5 3.e5 Nfd7 4.Nxd5 Nxe5 5.Nc3 c5 6.Nf3 Nec6 7.b3 Nd4 8.Bb2
Nbc6 9.Bc4 e6 10.O-O Be7 11.a4 1/2-1/2

[Event "zonal 3.2"]
[Site "Genting Highlands MAS"]
[Date "1995.??.??"]
[Round "10"]
[White "Sadikin, Irwanto"]
[Black "Nadera, Barlo"]
[Result "1-0"]
[WhiteElo "2375"]
[BlackElo "2405"]
[EventDate "1995.07.??"]
[PlyCount "145"]

1.d4 Nf6 2.c4 e6 3.Nc3 d5 4.cxd5 exd5 5.Bg5 c6 6.Qc2 Be7 7.e3 Nbd7 8.Bd3 
Nf8 9.Nf3 Ne6 10.Bh4 g6 11.O-O O-O 12.Rab1 Ng7 13.b4 a6 14.Na4 Nf5 15.Bg5 
Nd6 16.Bh6 Re8 17.Ne5 Bf5 18.Nc5 Rc8 19.Bf4 Bxd3 20.Nexd3 Rc7 21.a4 Nh5 
22.Be5 Qc8 23.h3 Ng7 24.Rfe1 b6 25.Nb3 f6 26.Bh2 Ngf5 27.Rbc1 Qd7 28.a5 b5
29.Ndc5 Qc8 30.e4 Ng7 31.exd5 cxd5 32.Rxe7 Rcxe7 33.Bxd6 Re2 34.Qc3 Qf5 
35.Bg3 Qg5 36.Qf3 Nf5 37.Bf4 Qh4 38.Nd7 Kg7 39.Be5 fxe5 40.Qxe2 Re7 41.
Nxe5 Nxd4 42.Nxd4 Qxd4 43.Nc6 Rxe2 44.Nxd4 Rb2 45.Ne6+ Kf7 46.Nc7 Rxb4 47.
Nxa6 Ra4 48.Nc7 Rxa5 49.Nxd5 Ke6 50.Nb4 Ra4 51.Nd3 Ra3 52.Ne1 Kd6 53.Kf1 
b4 54.Ke2 h5 55.Nd3 b3 56.Ke3 g5 57.Kd4 g4 58.h4 g3 59.fxg3 Ra4+ 60.Ke3 
Rg4 61.Kf3 Ra4 62.Rb1 Ra3 63.Ke4 Ra4+ 64.Ke3 Ra3 65.Nc1 Ke5 66.Rxb3 Ra5 
67.Nd3+ Kf5 68.Rb4 Kg6 69.Rb6+ Kh7 70.Nf4 Ra3+ 71.Kf2 Ra2+ 72.Kg1 Ra5 73.
Rd6 1-0

[Event "zonal 3.2"]
[Site "Genting Highlands MAS"]
[Date "1995.??.??"]
[Round "10"]
[White "Nguyen Anh Dung"]
[Black "Tu Hoang Thong"]
[Result "1-0"]
[WhiteElo "2340"]
[BlackElo "2430"]
[EventDate "1995.07.??"]
[PlyCount "67"]

1.d4 f5 2.c4 Nf6 3.Nc3 e6 4.Nf3 Bb4 5.e3 O-O 6.Bd3 b6 7.Bd2 Bb7 8.Qc2 Bxc3
9.Bxc3 Ne4 10.O-O-O Qe7 11.Rhg1 d6 12.Rdf1 Nxc3 13.Qxc3 Bxf3 14.gxf3 Nd7 
15.f4 c5 16.Rg5 cxd4 17.exd4 Rac8 18.Kb1 b5 19.d5 bxc4 20.Bc2 h6 21.Rg3 
Nf6 22.Rfg1 Rf7 23.dxe6 Qxe6 24.Re3 Qd7 25.Rd1 Rc5 26.Qd4 Nd5 27.Re5 Nxf4 
28.Rxc5 Ne6 29.Qxc4 Nxc5 30.b4 Ne4 31.Bb3 d5 32.Rxd5 Qe7 33.Rd3 Kf8 34.
Rd8+ 1-0

[Event "zonal 3.2"]
[Site "Genting Highlands MAS"]
[Date "1995.??.??"]
[Round "10"]
[White "Aung Thant Zin"]
[Black "Handoko, Edhi"]
[Result "0-1"]
[WhiteElo "2215"]
[BlackElo "2500"]
[EventDate "1995.07.??"]
[PlyCount "68"]

1.e4 e5 2.Nf3 Nf6 3.d4 Nxe4 4.Bd3 d5 5.Nxe5 Nd7 6.Nxd7 Bxd7 7.O-O Qh4 8.c4
O-O-O 9.c5 g6 10.Nc3 Bg7 11.Be3 Nxc5 12.g3 Qh3 13.Be2 Ne4 14.Nxd5 Qe6 15.
Nf4 Qd6 16.Rc1 Rhe8 17.Qc2 g5 18.Nd3 Kb8 19.Rfd1 Nxg3 20.Bf3 Nf5 21.Nc5 
Nxe3 22.fxe3 Bc8 23.Qb3 Qb6 24.Qd3 g4 25.Bg2 Bh6 26.Re1 f5 27.Rc3 Bf8 28.
Qf1 Bxc5 29.Rxc5 Qh6 30.Qc4 Rxe3 31.Rc1 Rde8 32.Qb4 Re2 33.Rxc7 Qe3+ 34.
Kh1 Re1+ 0-1

[Event "zonal 3.2"]
[Site "Genting Highlands MAS"]
[Date "1995.??.??"]
[Round "10"]
[White "Nishimura, Hiroyuki"]
[Black "Garma, Chito"]
[Result "1-0"]
[WhiteElo "2285"]
[BlackElo "2390"]
[EventDate "1995.07.??"]
[PlyCount "73"]

1.e4 c5 2.Nf3 Nc6 3.Bb5 d6 4.d4 cxd4 5.Qxd4 Bd7 6.Bxc6 Bxc6 7.O-O Nf6 8.
Re1 g6 9.c4 Bg7 10.Nc3 O-O 11.Qd3 Rc8 12.Bg5 h6 13.Be3 a6 14.a4 Ng4 15.Bd4
e5 16.Ba7 b6 17.a5 bxa5 18.c5 Qe7 19.Qxa6 f5 20.cxd6 Qd7 21.h3 Bb7 22.Qxa5
fxe4 23.Nxe4 Rxf3 24.gxf3 Nf6 25.Rac1 Rxc1 26.Rxc1 Nxe4 27.Qc7 Qf5 28.fxe4
Qg5+ 29.Kf1 Ba6+ 30.Ke1 Qg2 31.Rc4 Qh1+ 32.Kd2 Qb1 33.d7 Qxb2+ 34.Ke3 Bf8 
35.d8=Q Qa3+ 36.Rc3 Qb4 37.Qd5+ 1-0

[Event "zonal 3.2"]
[Site "Genting Highlands MAS"]
[Date "1995.??.??"]
[Round "10"]
[White "Toh, Terry"]
[Black "Ker, Anthony"]
[Result "1/2-1/2"]
[WhiteElo "2315"]
[BlackElo "2335"]
[EventDate "1995.07.??"]
[PlyCount "48"]

1.c4 e5 2.Nc3 d6 3.Nf3 f5 4.d4 e4 5.Ng5 Be7 6.Nh3 Nf6 7.Nf4 c6 8.h4 Na6 9.
e3 Nc7 10.d5 O-O 11.Be2 Nd7 12.g3 Ne5 13.b3 c5 14.Bd2 Bf6 15.Rb1 Bd7 16.a3
a5 17.Kf1 Qe7 18.Kg2 Rfb8 19.Nb5 Nxb5 20.cxb5 Rc8 21.Bc3 Nf7 22.Bd2 b6 23.
Qc2 Qe8 24.a4 Qe7 1/2-1/2

[Event "zonal 3.2"]
[Site "Genting Highlands MAS"]
[Date "1995.??.??"]
[Round "10"]
[White "Norris, Damian"]
[Black "Tsang Hon Ki"]
[Result "1-0"]
[WhiteElo "2170"]
[BlackElo "2200"]
[EventDate "1995.07.??"]
[PlyCount "96"]

1.e4 e5 2.Nf3 Nc6 3.Bc4 Nf6 4.Ng5 d5 5.exd5 b5 6.Bxb5 Qxd5 7.Nc3 Qxg2 8.
Qf3 Qxf3 9.Nxf3 Bd7 10.O-O Bd6 11.Bxc6 Bxc6 12.Nxe5 Bxe5 13.Re1 O-O-O 14.
Rxe5 Rhe8 15.Re2 Rxe2 16.Nxe2 Re8 17.Kf1 Ng4 18.Nd4 Nxh2+ 19.Kg1 Nf3+ 20.
Nxf3 Bxf3 21.Kh2 g5 22.Kg3 Bc6 23.b3 Re2 24.d4 f6 25.c4 Be4 26.Be3 h5 27.
d5 a6 28.b4 h4+ 29.Kg4 f5+ 30.Kxg5 Rxe3 31.fxe3 h3 32.Kf4 h2 33.Ke5 Kd7 
34.a4 h1=Q 35.Rxh1 Bxh1 36.Kxf5 Bf3 37.Ke5 Bd1 38.a5 Ba4 39.e4 Kc8 40.Kf6 
Bb3 41.c5 Kd7 42.b5 Bc4 43.c6+ Kc8 44.b6 cxb6 45.axb6 Bb5 46.b7+ Kb8 47.
Ke7 Bxc6 48.dxc6 Kc7 1-0

[Event "zonal 3.2"]
[Site "Genting Highlands MAS"]
[Date "1995.??.??"]
[Round "11"]
[White "Hsu Li Yang"]
[Black "Wohl, Aleksandar"]
[Result "1/2-1/2"]
[WhiteElo "2460"]
[BlackElo "2400"]
[EventDate "1995.07.??"]
[PlyCount "113"]

1.d4 Na6 2.e4 c6 3.Nf3 d6 4.c4 g6 5.Nc3 Bg7 6.Be2 Nf6 7.O-O Nc7 8.h3 O-O 
9.Be3 d5 10.e5 Nfe8 11.c5 f6 12.b4 Bf5 13.a4 Be4 14.exf6 exf6 15.Nd2 f5 
16.f4 Ne6 17.Ndxe4 fxe4 18.Qd2 Qf6 19.Rad1 a5 20.b5 Nxc5 21.Nxd5 cxd5 22.
dxc5 Rd8 23.f5 Qc3 24.Qxc3 Bxc3 25.Bc4 Nf6 26.Bb3 Kg7 27.c6 bxc6 28.bxc6 
d4 29.c7 Rd7 30.Be6 Rxc7 31.Bxd4 Bxd4+ 32.Rxd4 Re8 33.g4 Rc3 34.Kg2 gxf5 
35.Bxf5 Rb8 36.g5 Nh5 37.Rd7+ Kg8 38.Bxh7+ Kh8 39.Rf2 e3 40.Rff7 Rb2+ 41.
Kf3 Rf2+ 42.Kg4 Rxf7 43.Rxf7 e2 44.Re7 e1=Q 45.Rxe1 Kxh7 46.Kxh5 Rxh3+ 47.
Kg4 Ra3 48.Re4 Kg6 49.Rc4 Ra1 50.Rc6+ Kf7 51.Kf5 Rf1+ 52.Ke5 Rg1 53.Rc7+ 
Kg6 54.Rc6+ Kxg5 55.Rc5 Kg6 56.Ke6 Rd1 57.Rc6 1/2-1/2

[Event "zonal 3.2"]
[Site "Genting Highlands MAS"]
[Date "1995.??.??"]
[Round "11"]
[White "Yang Xian"]
[Black "Kagan, Naum"]
[Result "1-0"]
[WhiteElo "2420"]
[BlackElo "2395"]
[EventDate "1995.07.??"]
[PlyCount "73"]

1.e4 e5 2.Nf3 d6 3.d4 exd4 4.Nxd4 g6 5.Nc3 Bg7 6.g3 Nf6 7.Bg2 O-O 8.h3 Re8
9.O-O Nbd7 10.Re1 Nc5 11.Nb3 Ncd7 12.Nd4 c6 13.Bf4 Ne5 14.Qe2 Qc7 15.Rad1 
a6 16.Bc1 b5 17.f4 Nc4 18.Qf2 Bb7 19.b3 Nb6 20.a3 Rad8 21.Nf3 c5 22.e5 
dxe5 23.Rxd8 Rxd8 24.fxe5 Nfd5 25.Ne4 Nd7 26.Nd6 Bc6 27.Nxf7 Re8 28.e6 Nf8
29.c4 bxc4 30.bxc4 Nc3 31.Bf4 Qa7 32.Nh6+ Bxh6 33.Bxh6 Ne4 34.Rxe4 Bxe4 
35.Ne5 Bf5 36.Bd5 Qe7 37.Qb2 1-0

[Event "zonal 3.2"]
[Site "Genting Highlands MAS"]
[Date "1995.??.??"]
[Round "11"]
[White "Handoko, Edhi"]
[Black "Toh, Terry"]
[Result "1-0"]
[WhiteElo "2500"]
[BlackElo "2315"]
[EventDate "1995.07.??"]
[PlyCount "122"]

1.e4 e6 2.d4 d5 3.exd5 exd5 4.Nf3 Bd6 5.Bd3 Nc6 6.O-O Bg4 7.c3 Nge7 8.Re1 
Qd7 9.Nbd2 O-O 10.Qc2 Bf5 11.Nf1 Bxd3 12.Qxd3 Ng6 13.Ng3 Rae8 14.Bd2 a6 
15.b4 Rxe1+ 16.Rxe1 Re8 17.Rxe8+ Qxe8 18.Nf5 Bf4 19.g3 Bxd2 20.Nxd2 Nce7 
21.Nxe7+ Nxe7 22.Nb3 Nc8 23.Qf5 Nd6 24.Qxd5 Qe1+ 25.Kg2 Qxc3 26.Nc5 h6 27.
Nxb7 Qxb4 28.Nc5 a5 29.Qa8+ Kh7 30.Nd7 Qe1 31.Nc5 Qd2 32.Qd5 Qc2 33.a4 Kg6
34.h4 Qf5 35.Qc6 Kh7 36.Qf3 Qc2 37.h5 Qd2 38.Qd5 Qe2 39.Nb3 Qe8 40.Nc5 Qe2
41.Nb3 Qe8 42.Nc5 Qe2 43.Nd7 Qe8 44.Qc6 Qd8 45.Ne5 Kg8 46.Qd5 Qb8 47.Qxa5 
Qb7+ 48.Nf3 Nc4 49.Qc3 Qd5 50.Qb4 Na5 51.Qb8+ Kh7 52.Qxc7 Nc4 53.Qc5 Qxc5 
54.dxc5 Kg8 55.c6 Kf8 56.Ne5 Nd6 57.c7 Ke7 58.a5 Nc8 59.Nc4 Kd7 60.Nb6+ 
Kxc7 61.Kf3 Kb7 1-0

[Event "zonal 3.2"]
[Site "Genting Highlands MAS"]
[Date "1995.??.??"]
[Round "11"]
[White "Tu Hoang Thong"]
[Black "Sandler, Leonid"]
[Result "1-0"]
[WhiteElo "2430"]
[BlackElo "2375"]
[EventDate "1995.07.??"]
[PlyCount "107"]

1.e4 c5 2.d3 Nc6 3.g3 g6 4.Bg2 Bg7 5.f4 d6 6.Nf3 Nf6 7.O-O O-O 8.h3 Rb8 9.
a4 a6 10.Qe1 Ne8 11.a5 Nc7 12.Nbd2 Nb5 13.Nc4 Nbd4 14.Nxd4 Nxd4 15.Rf2 Bd7
16.g4 f5 17.Qd1 Be6 18.Ne3 Kh8 19.Bd2 Qd7 20.Rb1 Ba2 21.Ra1 Bg8 22.exf5 
gxf5 23.c3 Nb3 24.Rb1 Nxd2 25.Qxd2 e6 26.Re1 d5 27.Nf1 Bf7 28.Nh2 Rbe8 29.
Rfe2 Qb5 30.Nf3 Qxa5 31.Ng5 fxg4 32.f5 gxh3 33.fxe6 Bh5 34.Bxd5 Qc7 35.
Nf7+ Bxf7 36.exf7 Rxe2 37.Qxe2 Qd6 38.Qf3 Qg6+ 39.Kh1 b5 40.Rg1 Qd6 41.Qf5
Qh6 42.Rg5 h2 43.Rh5 Qc1+ 44.Kxh2 Qd2+ 45.Kh3 Qe3+ 46.Kh2 Bh6 47.Rh4 Qg5 
48.Rg4 Qd2+ 49.Rg2 Bf4+ 50.Kh3 Qe3+ 51.Kg4 Qe5 52.Qxf4 h5+ 53.Kg3 Qxd5 54.
Qh6# 1-0

[Event "zonal 3.2"]
[Site "Genting Highlands MAS"]
[Date "1995.??.??"]
[Round "11"]
[White "Antonio, Rogelio jr"]
[Black "Nishimura, Hiroyuki"]
[Result "1-0"]
[WhiteElo "2495"]
[BlackElo "2285"]
[EventDate "1995.07.??"]
[PlyCount "53"]

1.e4 e6 2.d4 d5 3.Nd2 Nf6 4.e5 Ne4 5.Bd3 Nxd2 6.Bxd2 c5 7.c3 Nc6 8.Nf3 Qb6
9.O-O c4 10.Bc2 Qxb2 11.Ng5 Be7 12.Nxh7 Bd7 13.Rb1 Qxa2 14.Ra1 Qb2 15.Rb1 
Qa2 16.Rxb7 O-O-O 17.Rb1 Kc7 18.Ng5 Bxg5 19.Bxg5 Rb8 20.Ra1 Qb2 21.Qd2 Qb7
22.Qf4 Qb2 23.Qd2 Qb7 24.Ba4 Rhf8 25.Bxc6 Bxc6 26.Be7 Rh8 27.Bd6+ 1-0

[Event "zonal 3.2"]
[Site "Genting Highlands MAS"]
[Date "1995.??.??"]
[Round "11"]
[White "Donguines, Fernie"]
[Black "Sadikin, Irwanto"]
[Result "1-0"]
[WhiteElo "2380"]
[BlackElo "2375"]
[EventDate "1995.07.??"]
[PlyCount "82"]

1.Nf3 Nf6 2.g3 b6 3.d3 d5 4.Bg2 Bb7 5.O-O e6 6.Nbd2 Be7 7.e4 O-O 8.e5 Nfd7
9.Re1 c5 10.c3 Nc6 11.Nf1 b5 12.h4 Qc7 13.Bf4 d4 14.N1h2 dxc3 15.bxc3 Rad8
16.Qe2 Nb6 17.Ng4 Nd5 18.Bd2 b4 19.c4 Nc3 20.Bxc3 bxc3 21.Rec1 Nd4 22.Qe3 
Qa5 23.Ng5 Nf5 24.Qe2 Bxg2 25.Kxg2 Bxg5 26.hxg5 Rd4 27.f4 Rfd8 28.Nf2 Rb8 
29.Rc2 Qb4 30.Rac1 Qb7+ 31.Kh3 h6 32.Rxc3 hxg5 33.Ne4 Rbd8 34.Rb3 Qd7 35.
Qg4 Rxd3 36.Nxc5 Rxb3 37.Nxd7 Rxg3+ 38.Qxg3 Nxg3 39.Rd1 gxf4 40.Nf6+ gxf6 
41.Rxd8+ Kg7 1-0